Statistics for Harry Styles guess the lyrics (without clues) n.1

Click here to take the quiz!

General Stats

  • This quiz has been taken 979 times
  • The average score is 107 of 175

Answer Stats

lyrics% Correct
I
98%
i
98%
a
97%
you
94%
she
87%
me
86%
the
83%
in
76%
so
74%
it
72%
her
70%
and
69%
of
64%
she's
64%
as
63%
carolina
60%
girl
60%
for
59%
good
59%
got
59%
ever
58%
but
57%
from
57%
oh
57%
that
57%
all
54%
away
54%
far
54%
home
54%
just
54%
think
54%
could
53%
family
52%
such
52%
about?
51%
about
51%
feels
51%
how
51%
never
51%
not
50%
yeah
50%
says
49%
out
48%
feeling
47%
hears
47%
remind
47%
down?
46%
every
46%
told
46%
before
45%
cause
45%
saw
45%
tell
45%
way
45%
drown
44%
into
44%
now
44%
situation
44%
without
44%
better
43%
book
43%
swim
43%
coaster
41%
herself
41%
parties
41%
song
41%
west
41%
gets
40%
moved
40%
would
40%
invitations
39%
met
39%
well
39%
turn
38%
wanna
38%
wrote
38%
found
37%
guess
37%
hope
37%
Townes
37%
once
36%
scream
36%
there's
36%
drink
35%
shout
35%
sink
34%
la la la
21%
gandma
2%

Score Distribution

Percentile by Number Answered

Percent of People with Each Score

Your Score History

You have not taken this quiz